El universo /
Guardado en:
| Autor Principal: | |
|---|---|
| Formato: | Libro |
| Publicado: |
Buenos Aires :
Eudeba,
1968
|
| Edición: | 3 |
| Materias: | |
| Etiquetas: |
Agregar Etiqueta
Sin Etiquetas, Sea el primero en etiquetar este registro!
|
| LEADER | 00420nam a22001695a 4500 | ||
|---|---|---|---|
| 001 | CEM.cems001829 | ||
| 005 | 20060214000000.0 | ||
| 008 | 130507s1968##################000#0#####d | ||
| 003 | CEMS | ||
| 082 | 0 | 4 | |a 523.1 |
| 100 | 1 | |a Couderc, Paul | |
| 245 | 1 | 0 | |a El universo / |
| 250 | |a 3 | ||
| 260 | |a Buenos Aires : |b Eudeba, |c 1968 | ||
| 300 | |a 151 | ||
| 653 | |a Astronomia | ||
| 859 | |a CEMS |b BIB. CEMS - 11 de abril |h 523.1 |i C83a3 |p 7538.80 |t Ej.1 | ||
